00627nam a2200157Ia 4500008004100000040001800041041000800059100002200067245004100089260003700130300001900167505021600186650002300402650002400425650002000449130821s1960 sp gr spa  aCo-BoUCMbspa aspa1 aMauriac, Francois10aNovelas escogidascFrancois Mauriac. aMadrid (España)bAguilarc1960 a1329 páginas aEl beso del leproso. -- El rio de fuego. -- Genitrix. -- El desierto del amor. -- Therese desqueyroux. -- Nudo de víboras. -- El misterio Frontenac. -- El fin de la noche. -- Los ngeles negros. -- La farisea.04aLiteratura europea04aLiteratura francesa04aNovela francesa